| 000 | 007400000a22002290004500 | ||
|---|---|---|---|
| 090 |
_aAR _b00053 |
||
| 245 | 1 | 0 | _aAdaptive radiation of Espeletia in the cold andean tropics |
| 650 | 1 | 4 |
_aBiogeografía _992747 |
| 650 | 1 | 4 |
_aEvolución _992797 |
| 650 | 1 | 4 |
_aMorfogenética _992887 |
| 650 | 1 | 4 |
_aDistribución _992865 |
| 650 | 1 | 4 |
_aEspecies forestales _992707 |
| 651 | 4 |
_lSierra Nevada de Santa Marta _dMagdalena _pColombia _992749 |
|
| 651 | 4 |
_lSierra de Perijá _pColombia _992749 |
|
| 651 | 4 |
_lCordillera de Mérida _pVenezuela _992749 |
|
| 653 |
_fAsteraceae _gEspeletia |
||
| 041 | 0 | _aInglés | |
| 700 | 1 |
_aSarmiento, Lina _992888 |
|
| 100 | 1 |
_aMonasterio, Maximina _992889 |
|
| 942 | _cARTICULO | ||
| 773 | 1 |
_tTree _330 _h12 _q387-391 _d1991 _g6 |
|
| 999 |
_c9155 _d9155 |
||